000
00189 a2200097 4500
001
2696
100
_a
Ludwig, E
245
_a
Napolion
260
_a
_b
George Allen
_c
090
_c
1992
_d
1992
942
_a
NUST-CAE
_c
M
_c
11024
999
_c
237769
_d
237769